[Event "Penang op 15th"]
[Site "Penang"]
[Date "2023.12.19"]
[Round "3"]
[White "Vivaan, Amarnani"]
[Black "Tan, Wei Hom Isaac"]
[Result "1/2-1/2"]
[WhiteElo "1270"]
[BlackElo "1488"]
[PlyCount "71"]
[EventDate "2023.12.18"]
[EventType "swiss"]
[EventRounds "9"]
[EventCountry "MAS"]
[SourceTitle "CB52_2023"]
[SourceDate "2023.12.27"]
[SourceVersion "1"]
[SourceVersionDate "2023.12.27"]
[SourceQuality "1"]

1. d4 e6 2. Nf3 f5 3. Nc3 Nf6 4. Bg5 Bb4 5. a3 Bxc3+ 6. bxc3 0-0 7. g3 b6 8. Bg2 Bb7 9. 0-0 Qe8 10. c4 d6 11. a4 Ne4 12. Bc1 a5 13. Ng5 h6 14. Nxe4 fxe4 15. Be3 d5 16. cxd5 exd5 17. c4 dxc4 18. Bf4 Na6 19. Qc2 Bd5 20. Be5 Qc6 21. Qc3 Rf7 22. f3 exf3 23. Bxf3 Raf8 24. Bxd5 Qxd5 25. Rf4 g5 26. e4 Qd7 27. Rf5 Qc6 28. Raf1 Rxf5 29. exf5 Qxa4 30. Qf3 Qd7 31. Qh5 Qh7 32. f6 Rf7 33. Qg4 Qd3 34. Qe6 Qe3+ 35. Rf2 Qc1+ 36. Rf1 1/2-1/2